Catálogo

LA LINGÜISTICA APLICADA (Registro nro. 6770)

Detalles MARC
000 -LEADER
fixed length control field 00558nam a2200193 a 4500
001 - CONTROL NUMBER
control field 6770
005 - DATE AND TIME OF LATEST TRANSACTION
control field 20180713190639.0
008 - FIXED-LENGTH DATA ELEMENTS--GENERAL INFORMATION
fixed length control field 140415s1982 mx 000 0 spa d
041 ## - LANGUAGE CODE
Language code of text/sound track or separate title spa
082 ## - DEWEY DECIMAL CLASSIFICATION NUMBER
Classification number 412
Item number BOU
100 1# - MAIN ENTRY--PERSONAL NAME
Personal name BOUTON, CHARLES
245 13 - TITLE STATEMENT
Title LA LINGÜISTICA APLICADA
250 ## - EDITION STATEMENT
Edition statement 1a ed.
260 ## - PUBLICATION, DISTRIBUTION, ETC.
Place of publication, distribution, etc. MEXICO :
Name of publisher, distributor, etc. FONDO DE CULTURA ECONOMICA,
Date of publication, distribution, etc. 1982
300 ## - PHYSICAL DESCRIPTION
Extent 168
490 ## - SERIES STATEMENT
Series statement BREVIARIOS DEL FONDO DE CULTURA ECONOMICA
Volume/sequential designation 336
650 14 - SUBJECT ADDED ENTRY--TOPICAL TERM
Topical term or geographic name entry element LINGUISTICA
General subdivision LINGUISTICA APLICADA
700 1# - ADDED ENTRY--PERSONAL NAME
Personal name SUAREZ DAVILA, VICTOR MANUEL
Relator term tr.
Existencias
Withdrawn status Lost status Source of classification or shelving scheme Damaged status Not for loan Collection code Home library Current library Shelving location Date acquired Source of acquisition Inventory number Total Checkouts Full call number Barcode Date last seen Date last checked out Price effective from Koha item type
    Dewey Decimal Classification     General Biblioteca Karol Wojtyla Biblioteca Karol Wojtyla Sala general 03/12/2013 Compra 151000000000000000042365 1 412 BOU 19397 05/01/2026 27/11/2018 03/12/2013 Libro
    Dewey Decimal Classification     General Biblioteca Karol Wojtyla Biblioteca Karol Wojtyla Sala general 03/12/2013 Compra 151000000000000000042364 2 412 BOU 19396 05/01/2026 28/01/2025 03/12/2013 Libro